Statistics for Most Expensive Stable Elements

Click here to take the quiz!

General Stats

  • This quiz has been taken 10 times
  • The average score is 4 of 15

Answer Stats

HintAnswer% Correct
$44,800Gold
86%
$27,800Platinum
86%
$147,000Rhodium
57%
$56,000Iridium
43%
$49,500Palladium
43%
$960Germanium
29%
$12,000Osmium
29%
$3,580Rhenium
14%
$15,500Rubidium
14%
$3,000Thulium
14%
$1,800Xenon
14%
$61,800Cesium
0%
$10,500Ruthenium
0%
$3,460Scandium
0%
$4,200Thallium
0%

Score Distribution

Percentile by Number Answered

Percent of People with Each Score

Your Score History

You have not taken this quiz